| 000 | 00703nam a22002297a 4500 | ||
|---|---|---|---|
| 005 | 20230808094250.0 | ||
| 008 | 230808b |||||||| |||| 00| 0 eng d | ||
| 020 | _a9781509880416 (pbk) | ||
| 040 |
_aKMU _cKMU _dKMU _erda |
||
| 050 | _aPR 2631.A2 | ||
| 100 | _aTheroux,Louis | ||
| 245 |
_aTheroux The Keyhole : _b Dispatches from a grounded documentary maker _c/Louis Theroux |
||
| 260 |
_aLondon: _bMacmillan, _c2021. |
||
| 300 |
_a368.: _c23cm |
||
| 650 |
_2oclc _aCOVID-19 (Disease)--Social aspects |
||
| 650 |
_2oclc _aSocial aspects |
||
| 650 |
_2oclc _aTheroux, Louis |
||
| 650 |
_2oclc _aTelevision personalities |
||
| 650 |
_2oclc _aFamilies |
||
| 650 |
_2oclc _aJournalists |
||
| 942 |
_2lcc _cBK _n0 |
||
| 999 |
_c550 _d550 |
||